Food security trends : (Record no. 777)

MARC details
000 -LEADER
fixed length control field 00918cam a2200265 a 4500
001 - CONTROL NUMBER
control field 15368107
003 - CONTROL NUMBER IDENTIFIER
control field OSt
005 - DATE AND TIME OF LATEST TRANSACTION
control field 20230607090852.0
008 - FIXED-LENGTH DATA ELEMENTS--GENERAL INFORMATION
fixed length control field 080716s2006 ke a b 000 0 eng
010 ## - LIBRARY OF CONGRESS CONTROL NUMBER
LC control number 2008349857
040 ## - CATALOGING SOURCE
Original cataloging agency DLC
Transcribing agency DLC
Modifying agency DLC
042 ## - AUTHENTICATION CODE
Authentication code lcode
043 ## - GEOGRAPHIC AREA CODE
Geographic area code f-ke---
050 00 - LIBRARY OF CONGRESS CALL NUMBER
Classification number HD9017.K42
Item number O46 2006
100 1# - MAIN ENTRY--PERSONAL NAME
Personal name Omosa, Mary.
245 10 - TITLE STATEMENT
Title Food security trends :
Remainder of title a situational analysis of food supply differentials in rural Kenya /
Statement of responsibility, etc. by Mary Omosa.
260 ## - PUBLICATION, DISTRIBUTION, ETC. (IMPRINT)
Place of publication, distribution, etc. Nairobi :
Name of publisher, distributor, etc. Institute for Development Studies, University of Nairobi,
Date of publication, distribution, etc. 2006.
300 ## - PHYSICAL DESCRIPTION
Extent 55 p. :
Other physical details ill. ;
Dimensions 20 cm.
490 0# - SERIES STATEMENT
Series statement IDS discussion paper ;
Volume/sequential designation no. 300
504 ## - BIBLIOGRAPHY, ETC. NOTE
Bibliography, etc Includes bibliographical references (p. 50-55).
650 #0 - SUBJECT ADDED ENTRY--TOPICAL TERM
Topical term or geographic name as entry element Food supply
Geographic subdivision Kenya.
906 ## - LOCAL DATA ELEMENT F, LDF (RLIN)
a 7
b cbc
c origode
d 3
e ncip
f 20
g y-gencatlg
942 ## - ADDED ENTRY ELEMENTS (KOHA)
Source of classification or shelving scheme Dewey Decimal Classification
Koha item type Books
Holdings
Withdrawn status Lost status Source of classification or shelving scheme Damaged status Not for loan Home library Current library Date acquired Total Checkouts Full call number Barcode Date last seen Price effective from Koha item type
    Dewey Decimal Classification     Bunge Tower Library Bunge Tower Library 06/07/2023   363.86762 OMO 1000525 06/07/2023 06/07/2023 Books
LIBRARY OPENING HOURS

When the Parliament is sitting: 8.00a.m - 7.00p.m or until the house adjourns
Mondays and Fridays and when the House is on Recess:  8.00a.m - 5.00p.m
Closed on Weekends and Public Holidays

Online Public Access Catalog (OPAC)
Website: http://www.parliament.go.ke
Bunge Library: https://libraryir.parliament.go.ke
Contact: library@parliament.go.ke | Tel no: (254-2)2221291 or 2848000 Ext 5043